[Event "Canberra Sunday Summer"]
[Site "Canberra"]
[Date "2021.01.24"]
[Round "3"]
[White "Liang, Joshua"]
[Black "Banerjea, Siddharth"]
[Result "0-1"]
[WhiteElo "1022"]
[BlackElo "1063"]
[PlyCount "90"]
[EventDate "2021.01.10"]
[EventType "swiss"]
[EventRounds "7"]
[EventCountry "AUS"]
[SourceTitle "EXT 2022"]
[Source "ChessBase"]
[SourceDate "2021.10.06"]
[SourceVersion "1"]
[SourceVersionDate "2021.10.06"]
[SourceQuality "1"]

1. e4 e5 2. Nf3 Nc6 3. Bc4 Bc5 4. c3 Nf6 5. d4 exd4 6. cxd4 Bb4+ 7. Nc3 Nxe4 8. 0-0 Bxc3 9. bxc3 d5 10. Bb5 0-0 11. Bxc6 bxc6 12. Qd3 Rb8 13. Ne5 Qd6 14. c4 c5 15. Nf3 Ba6 16. dxc5 Nxc5 17. Qxd5 Qxd5 18. cxd5 Bxf1 19. Kxf1 Rfe8 20. Be3 Ne4 21. Bxa7 Rb7 22. Bd4 Rb5 23. Rc1 Rxd5 24. Rxc7 Nd2+ 25. Nxd2 Rxd4 26. Ne4 Rdxe4 27. g3 h6 28. Ra7 Re1+ 29. Kg2 Ra1 30. a4 Re4 31. Ra8+ Kh7 32. a5 Rea4 33. a6 Rxa6 34. Rxa6 Rxa6 35. f4 g5 36. fxg5 hxg5 37. Kh3 f5 38. Kg2 Kg6 39. Kh3 g4+ 40. Kg2 Ra2+ 41. Kg1 Kg5 42. Kh1 f4 43. gxf4+ Kxf4 44. Kg1 Kf3 45. Kh1 Ra1# 0-1

[Event "Canberra Sunday Summer"]
[Site "Canberra"]
[Date "2021.01.10"]
[Round "1"]
[White "Banerjea, Siddharth"]
[Black "Archer, Saffron"]
[Result "1/2-1/2"]
[WhiteElo "1063"]
[BlackElo "1709"]
[PlyCount "74"]
[EventDate "2021.01.10"]
[EventType "swiss"]
[EventRounds "7"]
[EventCountry "AUS"]
[SourceTitle "EXT 2022"]
[Source "ChessBase"]
[SourceDate "2021.10.06"]
[SourceVersion "1"]
[SourceVersionDate "2021.10.06"]
[SourceQuality "1"]

1. e4 e5 2. Nf3 Nc6 3. Nc3 Nf6 4. Bb5 Bb4 5. d3 d6 6. Bd2 0-0 7. 0-0 Bg4 8. Bxc6 bxc6 9. Bg5 Bxc3 10. bxc3 Re8 11. h3 Bh5 12. g4 Bg6 13. Nh4 h6 14. Bd2 Nxe4 15. Nxg6 Nxd2 16. Qxd2 fxg6 17. f4 Qh4 18. Kg2 Re7 19. Qf2 Qxf2+ 20. Rxf2 exf4 21. Rxf4 Re2+ 22. Rf2 Rxf2+ 23. Kxf2 Rb8 24. Ke3 h5 25. g5 Kf7 26. c4 Ke6 27. d4 Kf5 28. Rf1+ Kxg5 29. Rf7 Rb2 30. Kd3 Rxa2 31. Rxc7 Ra6 32. Rxg7 Kf6 33. Rd7 c5 34. d5 Kg5 35. Rg7 Ra3+ 36. c3 Ra6 37. Ke3 Ra3 1/2-1/2